[Event "WchT 6th"]
[Site "Beersheba"]
[Date "2005.11.01"]
[Round "1.3"]
[White "Asrian, Karen"]
[Black "Avrukh, Boris"]
[Result "1-0"]
[WhiteElo "2645"]
[BlackElo "2653"]
[Annotator "Ftacnik,L"]
[PlyCount "77"]
[EventDate "2005.11.01"]
[EventType "team-tourn"]
[EventRounds "9"]
[EventCountry "ISR"]
[SourceTitle "CBM 110"]
[Source "ChessBase"]
[SourceDate "2006.01.31"]
[SourceVersion "1"]
[SourceVersionDate "2006.01.31"]
[SourceQuality "1"]
[WhiteTeam "Armenia"]
[BlackTeam "Israel"]
[WhiteTeamCountry "ARM"]
[BlackTeamCountry "ISR"]

1. e4 e5 2. Nf3 Nc6 3. Bb5 a6 4. Ba4 Nf6 5. d3 d6 6. c3 g6 7. Nbd2 Bg7 8. O-O
O-O 9. Re1 h6 10. Nf1 b5 11. Bc2 Bb7 {Black has no reason to complain about
the results of the opening. In manu lines of Ruy Lopez he has to work hard to
get his dark squared bishop to g7.} (11... Nh7 12. a4 Rb8 13. axb5 axb5 14. d4
Qe8 15. Bb3 Kh8 16. Ng3 Bg4 17. d5 Ne7 18. Ra7 Qd7 19. h3 Bxf3 20. Qxf3 f5 {
1/2-1/2 Breznik,K-Jug,S/Slovenia 1993/ (20)}) 12. a4 b4 (12... d5 13. Bd2 b4
14. Qc1 bxc3 15. bxc3 Kh7 16. Rb1 $14) 13. a5 Rb8 (13... d5 $5 14. Ng3 bxc3 15.
bxc3 Rb8 $11) 14. Bd2 Ba8 (14... bxc3 15. bxc3 d5 $11) 15. Ne3 (15. d4 bxc3 16.
bxc3 exd4 17. cxd4 Nb4 18. Ng3 c5 19. Bc3 $14) 15... bxc3 16. bxc3 d5 17. exd5
(17. Qc1 dxe4 18. dxe4 Re8 19. Nc4 Kh7 20. Rd1 $14) 17... Nxd5 18. Ng4 e4 $2 {
Avrukh has probably got excited about the possibility to win white's important
pawn on c3, but his opponent will find tactical refuatation.} (18... Kh7 $2 19.
Ngxe5 Nxe5 20. Nxe5 $16) (18... Re8 $1 19. Nxh6+ Bxh6 20. Bxh6 Nxc3 21. Qd2 Nb5
22. Ba4 f6 23. Qa2+ Kh7 24. Be3 Kg7 $13) 19. dxe4 Nxc3 20. Nxh6+ $1 Kh8 (20...
Bxh6 21. Bxc3 Bg7 22. e5 $18) (20... Kh7 21. Qc1 Nd4 22. Nxd4 Bxd4 23. Ra3 Nxe4
24. Bxe4 Bb2 25. Bxg6+ $1 fxg6 (25... Kxg6 26. Rg3+ $18) 26. Rae3 $3 Bxc1 27.
Re7+ Kh8 28. Bc3+ $18) 21. Qc1 Nb4 (21... Nd4 22. Nxd4 Qxd4 23. Ra3 Qc5 24. Ng4
Kg8 25. Bh6 $18) 22. Bxc3 (22. Ng5 Bxh6 $1 (22... Qf6 23. Ra3 Nca2 24. Nhxf7+
Rxf7 25. Nxf7+ Qxf7 26. Rh3+ Kg8 27. Qb1 $18) 23. Bxc3+ Kg8 24. Bxb4 Rxb4 25.
Nxf7 Bxc1 26. Nxd8 Bd2 27. Ne6 Bxe1 28. Nxf8 Bc3 29. Ra3 Bxe4 30. Bxe4 Rxe4 31.
f3 Rc4 $14) 22... Bxc3 23. Nf5 $3 {[%mdl 128] Asrian has found a brilliant
idea of getting approach to the black's king. Nearly all white pieces are
under attack, but the main factor of the position is the vulnerability of
Avrukh's monarch.} Bg7 (23... Kg8 24. Qh6 Re8 25. Ng5 Qf6 (25... Qxg5 26. Qxg5
Nxc2 27. Ne7+ Kg7 28. Rac1 Bxe1 29. Nf5+ Kg8 30. f3 $18) 26. Bb3 Nd5 27. Bxd5
Bxd5 28. Qh7+ Kf8 29. Qh3 $1 Kg8 30. Nh6+ Kg7 31. Ng4 $18) (23... gxf5 24. Qh6+
Kg8 25. Ng5 $18) 24. Nxg7 Kxg7 (24... Nxc2 25. Qh6+ Kg8 26. Nh5 gxh5 27. Ng5
$18) 25. Bb1 (25. Bb3 Re8 26. Qc3+ Qf6 27. e5 Qf4 28. e6+ $18) 25... Qe7 26.
Ra3 c5 (26... Rb5 27. Nd4 Rh5 28. Rg3 Qe5 29. Qc3 Kh7 30. f4 Qc5 31. Rc1 $18)
27. e5 Rbd8 (27... Rh8 28. e6 (28. Be4 Bxe4 29. Rxe4 Nc6 30. e6 Rb5 31. Rae3 f5
32. Ra4) 28... fxe6 29. Rae3 Bd5 30. Be4 Rhe8 31. Ne5 $18) 28. e6 $1 {White is
consequently playing to break the black's pawn structure in order to enhance
his attacking potential.} Bxf3 (28... fxe6 29. Ne5 Qf6 30. Qxc5 Rc8 31. Qa7+
Kg8 32. Rg3 Rc7 33. Qd4 $18) 29. Rxf3 f5 (29... fxe6 30. Rh3 Rh8 31. Rg3 Rh6
32. Qxh6+ $1 Kxh6 33. Rxg6+ $18) 30. Rh3 Rh8 31. Rxh8 Rxh8 (31... Kxh8 32. Qh6+
Qh7 33. Qe3 Qe7 34. g4 $18) 32. Qc3+ Kg8 (32... Qf6 33. Qxc5 $18) 33. Qg3 Kh7
34. h4 Rf8 (34... Qf6 35. Qc7+ Kh6 36. Qxc5 Qxh4 37. g3 Qg4 38. Kg2 $18) 35. h5
$1 {The final idea of disturbing black's pawn structure, the defender has no
way to cover all weaknesses.} gxh5 36. Re5 Nc6 37. Bxf5+ Kh8 38. Rd5 Nd4 (38...
Rd8 39. Qc3+ Kg8 40. Rxc5 Rd1+ 41. Kh2 Qd6+ 42. g3 $18) 39. Bd3 1-0

[Event "Thessaloniki FIDE GP"]
[Site "Thessaloniki"]
[Date "2013.05.30"]
[Round "8"]
[White "Dominguez Perez, Leinier"]
[Black "Morozevich, Alexander"]
[Result "1-0"]
[WhiteElo "2723"]
[BlackElo "2760"]
[Annotator "Ftacnik,L"]
[PlyCount "85"]
[EventDate "2013.05.22"]
[EventType "tourn"]
[EventRounds "11"]
[EventCountry "GRE"]
[EventCategory "21"]
[SourceTitle "CBM 155"]
[Source "ChessBase"]
[SourceDate "2013.07.16"]
[SourceVersion "1"]
[SourceVersionDate "2013.07.16"]
[SourceQuality "1"]

1. e4 e5 2. Nf3 Nc6 3. Bb5 a6 4. Ba4 Nf6 5. O-O Be7 6. d3 {White readily
admits that it is not so easy to get any advantage against the Closed Ruy
Lopez. The main goal of this move order is to avoid several annoying lines and
get a playable position.} d6 7. c3 O-O 8. Nbd2 Re8 9. d4 {The line has become
quite fashionable in recent months with dozens of games at a high level. With
9.d4 the winner of the tournament strives to obtain more than in the standard
line with 9.Re1.} (9. Re1 Bf8 10. d4 (10. Nf1 h6 11. Ng3 b5 12. Bc2 Ne7 (12...
g6 13. a4 Rb8 14. d4 Bg7 15. axb5 axb5 16. h3 Bd7 17. Be3 Ra8 18. Qd2 Kh7 19.
b3 Qb8 20. d5 Ne7 21. c4 $14 {1/2 (38) Ponomariov,R (2727)-Tomashevsky,E (2736)
Sochi 2012}) (12... d5 13. d4 (13. exd5 Nxd5 14. Bb3 Nf6 15. Be3 Na5 16. Bc2 c5
17. a3 Nd5 18. Bd2 Nc6 19. b4 cxb4 20. axb4 Qc7 21. Ne4 Be6 22. Nc5 Bxc5 23.
bxc5 Bg4 $11 {1-0 (41) Hracek,Z (2628)-Almasi,Z (2695) Legnica 2013}) 13...
dxe4 14. Nxe4 Bf5 15. Nxf6+ Qxf6 16. Nxe5 Nxe5 17. dxe5 Rxe5 18. Rxe5 Qxe5 19.
Be3 Bxc2 20. Qxc2 Rd8 21. Rd1 Rxd1+ 22. Qxd1 $11 {1/2 (36) Carlsen,M (2775)
-Onischuk,A (2670) Biel 2008}) 13. d4 Ng6 14. b3 c6 (14... c5 15. d5 Bd7 16. a4
Qc7 17. h3 Reb8 18. Be3 Qd8 19. Qd2 bxa4 20. bxa4 Rb2 21. Reb1 Rab8 22. Rxb2
Rxb2 $11 {1-0 (54) Karjakin,S (2779)-Tkachiev,V (2644) Astana 2012}) 15. Be3
Qc7 16. Bd3 Bb7 17. Qc2 Rac8 18. h3 Nf4 19. Bf1 Ng6 20. Bd3 $14 {1-0 (40)
Grischuk,A (2763)-Almasi,Z (2713) Istanbul 2012}) (10. h3 b5 11. Bc2 Bb7 12. d4
(12. a3 Nb8 13. b4 Nbd7 14. Nb3 Rc8 15. c4 c5 16. Bd2 Ba8 17. Na5 Nb6 18. Qe2
bxc4 19. dxc4 cxb4 20. axb4 $14 {0-1 (45) Areshchenko,A (2720)-Amin,B (2641)
Reykjavik 2013}) 12... g6 13. d5 Ne7 14. Nf1 Bg7 15. b3 Nxe4 16. Bxe4 f5 17.
Bc2 Nxd5 18. b4 Nxc3 19. Bb3+ d5 20. Qc2 Ne4 21. Rxe4 fxe4 22. Ng5 a5 $11 {
1-0 (50) Carlsen,M (2786)-Navara,D (2633) Dresden 2008}) 10... b5 11. Bc2 exd4
12. cxd4 Bg4 13. h3 Bh5 14. g4 Bg6 15. a3 h5 16. g5 Nh7 17. Nf1 Qd7 18. Kg2 d5
19. e5 Bxc2 20. Qxc2 g6 21. Be3 Nd8 $11 {1-0 (46) Grischuk,A (2754)-Mamedyarov,
S (2729) London 2012}) 9... exd4 {Morozevich has made his name as a very
original player with outstanding positional feeling in unknown positions.
Unfortunately his results in recent years have been influenced by health
problems.} (9... b5 10. Bb3 h6 11. a4 Bd7 12. Qe2 Bf8 13. d5 Na5 14. Bc2 c6 15.
b4 Nb7 16. dxc6 Bxc6 17. Bd3 bxa4 18. c4 {0-1 (41) Saduakassova,D (2297)
-Aleksandrov,A (2607) Pavlodar 2012} Qb6 $15) 10. cxd4 Bf8 11. d5 {Black was
probably hoping, that the opponent will try for the greater flexibility in the
centre with 11.Re1, what would leave him chances for the typical counterplay.}
(11. Re1 b5 12. Bc2 Bg4 13. h3 Bh5 14. Nb3 Nb4 15. Bb1 c5 16. Bd2 Nc6 $11)
11... b5 12. dxc6 (12. Bc2 Ne5 13. b3 Bd7 14. Bb2 Rc8 $11) 12... bxa4 13. Qxa4
{Dominguez was most likely aware of the fact that his opponent, with the
bishop pair, will not have to fear much after the opening of the centre. In
current praxis on the highest level great value is given to positions which
are playable, simply full of life.} (13. Re1 a3 $5 14. bxa3 Rb8 $11) 13... d5
14. e5 {White is not able to prevent opening of the centre, but he can
certainly try to regulate the process to his benefit.} (14. Re1 dxe4 15. Nxe4
Nxe4 16. Rxe4 Rxe4 17. Qxe4 Qd1+ 18. Qe1 Qd5 $11) 14... Ng4 (14... Nh5 $6 15.
g4 f6 16. gxh5 fxe5 17. Qh4 Qf6 18. Re1 $16) 15. Qd4 Rb8 16. a3 {We could
hardly praise the limitation of the enemy counterplay with the help of this
modest move, if it were not so effective.} (16. b3 Rb6 17. h3 Nh6 18. Rd1 Rxc6
19. Nc4 Nf5 20. Qxd5 Qxd5 21. Rxd5 Be6 $11) 16... Rb6 (16... Qe7 17. Re1 Qc5
18. b4 Qxd4 19. Nxd4 Rxe5 20. Bb2 f6 $11) 17. h3 Nh6 18. Qc3 f6 $5 {Morozevich
is an excellent player with a deep understanding of positional subtleties. It
began to dawn on him that equalising might not be such a simple task. This
inspired him to choose an active continuation with a pawn sacrifice.} (18...
Re6 19. Nd4 Rxe5 20. N2f3 Re4 (20... Rh5 21. Re1 Bd6 22. Be3 $16) 21. Bxh6 gxh6
22. b4 $14) 19. e6 {In the heat of battle, even the games of supergrandmasters
are sometimes akin to flying blind. Often only analyses after the game can
contribute to the more objective assesment of particular decisions. White is
trying to blunt his opponent's initiative, even though it was probably
objectively stronger to take on f6.} (19. exf6 Qxf6 20. Qxf6 gxf6 21. Rd1 (21.
Nd4 Nf5 22. N2f3 Nxd4 23. Nxd4 Bc5 $11) 21... Rxc6 22. Nf1 Bb7 (22... Be6 23.
Nd4 Rb6 24. Nxe6 Rbxe6 25. Bxh6 Bxh6 26. Rxd5 $16) 23. Nd4 Rb6 24. b4 Nf7 25.
Be3 $14) 19... Rxe6 (19... Nf5 $5 20. Nb3 Bxe6 21. Nbd4 Nxd4 22. Nxd4 Bd6 23.
Be3 Bf7 24. b4 Rb8 $11) 20. Nd4 Re8 21. N2b3 Nf7 $6 {The defender was clearly
uncomfortable and repeatedly failed to discover the best idea with the knight
move to f5.} (21... Nf5 22. Bf4 Re4 23. Bh2 Bd6 24. Bxd6 Qxd6 25. Rfe1 Be6 $11)
22. Bf4 Ne5 (22... g5 23. Bh2 f5 24. Rae1 Re4 25. Nd2 Rxe1 26. Rxe1 f4 27. b4
Qf6 28. N2f3 $14) (22... Bd6 23. Bxd6 Nxd6 24. Rfe1 Ne4 25. Qc2 $14) 23. Rfe1
Be6 $2 {A very dubious sacrifice of a pawn in the hope to break free from the
pressure of the white pieces. Morozevich was finding little pleasure in
defensive prospects after the better move 23...Bd6, but without material his
position will quickly fall apart.} (23... Bd6 24. Na5 Re7 25. b4 Qe8 26. Bh2
$14) 24. Bxe5 fxe5 25. Rxe5 Bf7 26. Rxe8 Qxe8 (26... Bxe8 27. Re1 Bf7 $16) 27.
Re1 Qd8 (27... Qb8 28. Re2 g6 29. Na5 Qd8 30. b4 $16) 28. Nc5 $1 {Dominguez
was in the form of his life in Thessaloniki, so it is not surprising, that he
had little problem in finding the efficient way to activate his pieces at the
cost of a mere pawn.} Bxc5 29. Qxc5 Rxb2 30. Qe7 {The position has changed for
White into an example of "fun chess". The only real problem was to choose
between the text and the tempting move 30.Nf5!?} (30. Nf5 $5 Qf6 31. Qe7 Qxe7
32. Rxe7 Bg6 33. Nd4 Rd2 34. Nf3 Rc2 35. Rxc7 Be8 36. Nd4 Rc4 37. Nf5 $16)
30... Qb8 $2 (30... Rb8 31. f4 Qxe7 32. Rxe7 Rc8 33. f5 Kf8 34. Rd7 $16) 31.
Qe5 (31. Re3 Rd2 32. Ne6 Qe8 33. Ng5 $18) 31... Qb6 (31... Ra2 32. Qf4 Qb2 33.
Re7 Bh5 34. Ne6 $18) 32. Re3 $1 {[%mdl 128] Attacks on the king can be judged
by the critical factor of number of attackers as opposed by number of
defenders. The ratio of 3:1 in favour of the aggressor is simply unbearable
for the defender.} g6 (32... Rb1+ 33. Kh2 Qb2 34. Rg3 g6 35. Qf6 $18) 33. Ne6
Rb1+ 34. Kh2 Qb2 35. Rc3 {The desire to get a clearly winning position has
prevented White from considering the even more devastating move 35.Qf4.} (35.
Qf4 Qc1 36. Ng5 $18) 35... Qxc3 36. Qxc3 Bxe6 37. Qe5 {The passed pawn on the
c-file will quickly become unstoppable, since the black bishop is unable to
find a stronghold on the c8-h3 diagonal.} Kf7 (37... Bf5 38. Qxc7 Rc1 39. g4
Be6 40. Qb8+ Kg7 41. Qe5+ Kf7 42. Qf4+ $18) 38. Qxc7+ Kf6 39. Qf4+ Ke7 (39...
Kg7 40. Qe5+ Kf7 41. c7 $18) 40. Qc7+ Kf6 41. Qd6 g5 (41... Kf7 42. c7 $18) 42.
f4 $1 {A small combination which will significantly speed up the end of the
game. Naturally White could have tried to win without elegant solutions.} (42.
c7 Rc1 43. Qf8+ Ke5 44. Qb8 $18) 42... gxf4 (42... Kf7 43. Qc7+ Kf8 44. Qe5 Bf7
45. c7 Rc1 46. fxg5 $18) 43. c7 {The Cuban grandmaster must have been
satisfied with the convincing win against his famed adversary.} (43. c7 Rc1 44.
Qxf4+ $18) 1-0

[Event "Poikovsky Karpov 06th"]
[Site "Poikovsky"]
[Date "2005.03.01"]
[Round "4"]
[White "Sadvakasov, Darmen"]
[Black "Onischuk, Alexander"]
[Result "0-1"]
[WhiteElo "2635"]
[BlackElo "2652"]
[Annotator "Ftacnik,L"]
[PlyCount "82"]
[EventDate "2005.02.26"]
[EventType "tourn"]
[EventRounds "9"]
[EventCountry "RUS"]
[EventCategory "18"]
[SourceTitle "CBM 106"]
[Source "ChessBase"]
[SourceDate "2005.06.06"]
[SourceVersion "1"]
[SourceVersionDate "2005.06.06"]
[SourceQuality "1"]

1. e4 e5 2. Nf3 Nc6 3. Bb5 a6 4. Ba4 Nf6 5. d3 d6 6. c3 g6 7. O-O Bg7 8. Nbd2
O-O 9. Bxc6 bxc6 10. d4 exd4 {The opening of the center is natural, since
black enjoys the bishop's pair and pressure against the opponent's pawns.} (
10... Nd7 11. Nc4 exd4 12. cxd4 c5 13. Bg5 Qe8 14. e5 cxd4 15. exd6 Qe6 16. Rc1
c5 17. Be7 Re8 18. b4 cxb4 19. Qa4 Bb7 20. Rfe1 Qf5 21. Qxb4 Bxf3 22. gxf3 Qxf3
{1/2-1/2 Gagunashvili,M-Mchedlishvili,M/Vlissingen 2004/}) 11. cxd4 Re8 12. Re1
(12. Qc2 Nxe4 13. Nxe4 Bf5 14. Re1 Rxe4 15. Rxe4 d5 16. Ne5 dxe4 $11) 12... Bg4
13. Qc2 (13. b3 c5 14. Bb2 cxd4 15. Bxd4 c5 16. Bc3 d5 17. exd5 Qxd5 $11) (13.
h3 Bxf3 14. Qxf3 Re6 15. Qd3 Qe7 $11) 13... c5 $5 14. dxc5 (14. h3 Bxf3 15.
Nxf3 cxd4 16. Nxd4 c5 17. Nf3 d5 $11) 14... d5 {Very instructive solution to
the problems of the weak c6 pawn. Onischuk has sacrificed his weak pawn and
opens up the center in the moment, when white is still far from completing the
piece development.} 15. e5 (15. exd5 Rxe1+ 16. Nxe1 Qxd5 $11) 15... Nd7 16. b4
(16. Qc3 Qe7 17. Qb4 Bf5 (17... Bxf3 18. Nxf3 Nxe5 19. Nxe5 Bxe5 20. Bf4 Rab8
$11) 18. Nd4 Qxc5 19. Qxc5 Nxc5 20. Nxf5 gxf5 21. Nf3 Nd3 $15) 16... Nxe5 17.
Nxe5 (17. Bb2 Bxf3 18. Nxf3 Nxf3+ 19. gxf3 Qg5+ 20. Kh1 Qf4 $17) 17... Bxe5 18.
Bb2 d4 {Black is not eager to exchange one of his bishops, what is more the
passed "d" pawn could become dangerous.} 19. Qd3 (19. Nb3 d3 20. Qd2 Bxb2 21.
Rxe8+ Qxe8 22. Qxb2 Qe2 23. Nd2 $11) (19. h3 Be2 20. Nc4 $11) 19... Bf5 20. Qc4
(20. Qa3 Qd5 $11) 20... Be6 21. Qd3 (21. Qf1 Bd5 $15) 21... Bf5 22. Qc4 Be6 23.
Qd3 Bg7 24. Nf3 Qd5 25. Rad1 $6 {[%mdl 2048] Sadvakasov had to seriously
address the balancing of the chances, it was possible to take d4 pawn with
both light pieces. The continuiation of the fight favours black, since his
pieces are more active.} (25. Nxd4 Rad8 26. Red1 (26. Rad1 Qxa2 $11) 26... Bg4
27. f3 Bc8 28. Qc2 Qe5 $13) (25. Bxd4 Red8 26. Rad1 Bg4 27. Qc3 Bxf3 28. gxf3
Bxd4 29. Rxd4 Qxd4 30. Re8+ Rxe8 31. Qxd4 Rad8 $11) 25... Bf5 26. Rxe8+ (26.
Qa3 Rxe1+ 27. Nxe1 Qc4 $17) 26... Rxe8 27. Qxa6 Be4 28. Qa4 (28. Ne1 Ra8 29.
Qb5 Qxa2 30. Qe2 Qd5 $15) 28... Rb8 (28... Ra8 29. Qb3 Qxb3 30. axb3 Bxf3 31.
gxf3 Rb8 32. Ba3 f5 $17) 29. Qa3 (29. Nxd4 Bxg2 30. Qb3 Qxb3 31. axb3 Bd5 32.
b5 Bxb3 33. Re1 Kf8 34. Nxb3 Bxb2 35. Rb1 Ba3 $15) 29... Bxf3 30. gxf3 (30.
Qxf3 Qxf3 31. gxf3 Rxb4 $17) 30... Qc4 31. Bc1 (31. Rd2 h5 $17) 31... Qxb4 32.
Qxb4 Rxb4 {The transfer to the endgame went completely in Onischuk's favour.
Five isolated white pawns can not hold a candle to the compact black's
structure.} 33. Bf4 (33. Ba3 Rc4 34. Rd2 f5 35. Kf1 Kf7 36. Ke2 Ke6 $19) 33...
c6 (33... Rc4 34. Rc1 Rxc1+ 35. Bxc1 d3 36. Bd2 c6 37. Kf1 $13) 34. Re1 (34.
Bd6 Rb2 35. a4 Ra2 36. Rb1 h6 37. Kf1 Rxa4 $19) 34... f5 (34... h5 35. Re8+ Kh7
36. Rc8 d3 37. Be3 Rd4 38. Bd2 Rc4 39. Rd8 Rxc5 40. Rxd3 Rc2 41. a4 Ra2 $17)
35. Re8+ (35. Re6 d3 36. Bg5 h6 37. Be3 f4 38. Bd2 Rb2 39. Bxf4 g5 40. Be3 d2
$19) 35... Kf7 36. Rd8 (36. Rc8 d3 $19) 36... Bf6 37. Rd7+ (37. Rd6 g5 38. Bd2
Rb2 39. Ba5 Rxa2 40. Bd8 Be5 41. Rxc6 d3 $19) 37... Ke8 38. Rd6 Be7 39. Rxc6 d3
{The black "d" pawn can not be stopped any more, the fight is over.} 40. Rc8+ (
40. Be3 f4 41. Bd2 Rb2 42. Bxf4 d2 43. Bxd2 Rxd2 $19) 40... Kd7 41. Rc7+ Kd8
0-1

[Event "ARG-World"]
[Site "Buenos Aires"]
[Date "1994.??.??"]
[Round "5"]
[White "Spangenberg, Hugo"]
[Black "Lombardy, William James"]
[Result "1-0"]
[WhiteElo "2510"]
[BlackElo "2450"]
[Annotator "Ftacnik,L"]
[PlyCount "63"]
[EventDate "1994.04.??"]
[EventType "schev"]
[EventRounds "10"]
[EventCountry "ARG"]
[SourceTitle "CBM 042"]
[Source "ChessBase"]
[SourceDate "1994.10.01"]
[SourceVersion "1"]
[SourceVersionDate "1994.10.01"]
[SourceQuality "1"]

1. e4 e5 2. Nf3 Nc6 3. Bb5 a6 4. Ba4 Nf6 5. Bxc6 bxc6 6. d4 (6. Nxe5 Qe7 7. d4
d6 8. Nxc6 Qxe4+ 9. Qe2 Qxe2+ 10. Kxe2 Bb7 $17) 6... Nxe4 7. dxe5 d5 8. O-O Bc5
9. Nd4 O-O 10. Be3 Bxd4 11. Qxd4 c5 12. Qa4 d4 13. Bf4 Qh4 14. g3 Qh5 15. Qa3
Bh3 16. Re1 c4 (16... Rab8 17. Nd2 Nxd2 18. Bxd2 Rxb2 $17) 17. f3 c3 18. g4
Bxg4 19. fxe4 Bh3 20. Nxc3 Qf3 21. Re2 Qxf4 $6 (21... dxc3 22. Rf2 cxb2 23.
Qxb2 Qxe4 $17) 22. Nd5 Qg4+ 23. Kf2 Qg2+ 24. Ke1 Qg1+ 25. Kd2 Qg5+ (25... Qxa1
26. Re1 $13) 26. Kd3 Qxe5 27. Qc5 f6 28. Rg1 Rf7 29. Rf2 Kh8 30. Qxd4 c6 $4 31.
Qxe5 fxe5 32. Rxf7 1-0